[Event "HUN-chT 0405"]
[Site "Hungary"]
[Date "2005.01.23"]
[Round "6"]
[White "Ruck, Tamas"]
[Black "Balazs, Tibor Jr"]
[Result "1-0"]
[WhiteElo "2348"]
[BlackElo "2198"]
[PlyCount "81"]
[EventDate "2004.09.26"]
[EventType "team-tourn"]
[EventRounds "11"]
[EventCountry "HUN"]
[SourceTitle "EXT 2011"]
[Source "ChessBase"]
[SourceDate "2010.11.26"]
[SourceVersion "1"]
[SourceVersionDate "2010.11.26"]
[SourceQuality "1"]
[WhiteTeam "Haladas"]
[BlackTeam "Mako"]
[WhiteTeamCountry "HUN"]
[BlackTeamCountry "HUN"]

1. e4 c5 2. Nf3 e6 3. d4 cxd4 4. Nxd4 Nf6 5. Nc3 Nc6 6. Ndb5 Bb4 7. a3 Bxc3+ 8. Nxc3 d5 9. exd5 exd5 10. Bd3 0-0 11. 0-0 d4 12. Ne2 Qb6 13. b4 Bg4 14. Bb2 Rad8 15. Re1 Rfe8 16. Qd2 a6 17. Qf4 Bxe2 18. Rxe2 Rxe2 19. Bxe2 Nd5 20. Qf3 Nf6 21. Rd1 h6 22. Qf5 Nh7 23. Bd3 Nf6 24. Bc1 Rd5 25. Qc8+ Rd8 26. Qh3 Rd5 27. Bc4 Re5 28. Qf3 Ne7 29. Bf4 Rf5 30. g4 Qc7 31. gxf5 Qxc4 32. Be5 Qxc2 33. Bxf6 gxf6 34. Rxd4 Nxf5 35. Rg4+ Kf8 36. Qe4 Qd1+ 37. Kg2 Ne7 38. Qd4 Qxd4 39. Rxd4 Ke8 40. Rd6 Ng6 41. Rb6 1-0

[Event "HUN-chT 0405"]
[Site "Hungary"]
[Date "2004.09.26"]
[Round "1"]
[White "Gyurkovics, Miklos"]
[Black "Balazs, Tibor Jr"]
[Result "1/2-1/2"]
[WhiteElo "2206"]
[BlackElo "2198"]
[PlyCount "24"]
[EventDate "2004.09.26"]
[EventType "team-tourn"]
[EventRounds "11"]
[EventCountry "HUN"]
[SourceTitle "EXT 2011"]
[Source "ChessBase"]
[SourceDate "2010.11.26"]
[SourceVersion "1"]
[SourceVersionDate "2010.11.26"]
[SourceQuality "1"]
[WhiteTeam "Vasas"]
[BlackTeam "Mako"]
[WhiteTeamCountry "HUN"]
[BlackTeamCountry "HUN"]

1. c4 Nf6 2. Nc3 g6 3. e4 d6 4. d4 Bg7 5. h3 0-0 6. Bg5 c5 7. d5 b5 8. cxb5 a6 9. a4 Qa5 10. Bd2 Qb4 11. Bd3 Nfd7 12. Nf3 c4 1/2-1/2